000 00331nam a2200109Ia 4500
008 171211s9999 xx 000 0 und d
245 _aMarriage on Trial: Late Medieval German Couples at the Papal Court
245 _cLudwig Schmugge
260 _c2012
650 _xRELIGION
856 _uhttp://down.ebook777.com/063/0813220173.pdf
999 _c350581
_d350581